[Event "US Masters op"]
[Site "Charlotte"]
[Date "2024.11.27"]
[Round "1"]
[White "Bruzon Batista, Lazaro"]
[Black "Perez Rodriguez, Jennifer"]
[Result "1-0"]
[WhiteElo "2578"]
[BlackElo "2193"]
[PlyCount "53"]
[EventDate "2024.11.27"]
[EventType "swiss"]
[EventRounds "9"]
[EventCountry "USA"]
[SourceTitle "CB49_2024"]
[SourceDate "2024.12.04"]
[SourceVersion "1"]
[SourceVersionDate "2024.12.04"]
[SourceQuality "1"]

1. c4 e6 2. Nf3 d5 3. g3 Nf6 4. Bg2 Bd6 5. d4 c6 6. 0-0 0-0 7. Nc3 Nbd7 8. Nd2 Re8 9. e4 dxe4 10. Ndxe4 Nxe4 11. Nxe4 Be7 12. Bf4 Nf6 13. c5 Nd5 14. Be5 f6 15. Bd6 Bxd6 16. Nxd6 Re7 17. Re1 Nc7 18. Qb3 Ne8 19. Nxc8 Qxc8 20. d5 cxd5 21. Bxd5 Kf8 22. c6 bxc6 23. Bxe6 Qb8 24. Qc2 Qd6 25. Bb3 g6 26. Qc4 Qd5 27. Rxe7 1-0

[Event "Olympiad Women-45"]
[Site "Budapest"]
[Date "2024.09.11"]
[Round "1.64"]
[White "Perez Rodriguez, Jennifer"]
[Black "Maly, Inthavong"]
[Result "1-0"]
[WhiteElo "2224"]
[BlackElo "1633"]
[PlyCount "67"]
[EventDate "2024.09.11"]
[EventType "team-swiss"]
[EventRounds "11"]
[EventCountry "HUN"]
[SourceTitle "EXT 2025"]
[Source "ChessBase"]
[SourceDate "2024.10.14"]
[SourceVersion "1"]
[SourceVersionDate "2024.10.14"]
[SourceQuality "1"]
[WhiteTeam "Paraguay (W)"]
[BlackTeam "Laos (W)"]
[WhiteTeamCountry "PAR"]
[BlackTeamCountry "LAO"]

1. e4 e5 2. Nc3 Nf6 3. Bc4 Nc6 4. d3 Bb4 5. Bg5 Bxc3+ 6. bxc3 h6 7. Bh4 d6 8. Ne2 Qe7 9. 0-0 Be6 10. Bb5 0-0 11. d4 Na5 12. d5 Bg4 13. f3 Bh5 14. g4 Bg6 15. Bd3 c6 16. c4 Qd8 17. Rb1 a6 18. Qd2 b5 19. cxb5 cxb5 20. Bxf6 Qxf6 21. Qxa5 h5 22. Qe1 Qg5 23. h4 Qe7 24. Kg2 hxg4 25. fxg4 Qd7 26. Qg3 f6 27. Nc3 Kf7 28. h5 Bh7 29. g5 Ke7 30. g6 Bg8 31. Nd1 Rab8 32. Ne3 Kd8 33. Qe1 Ke8 34. a4 1-0

[Event "Speed Chess (Women) Play In 2"]
[Site "Chess.com INT"]
[Date "2024.08.14"]
[Round "2"]
[White "Nithyalakshmi, Sivanesan"]
[Black "Perez Rodriguez, Jennifer"]
[Result "1-0"]
[WhiteElo "1912"]
[BlackElo "2224"]
[PlyCount "119"]
[EventDate "2024.08.14"]
[EventType "swiss (blitz)"]
[EventRounds "11"]
[EventCountry "USA"]
[SourceTitle "CBM 221 Extra"]
[Source "ChessBase"]
[SourceDate "2024.09.30"]
[SourceVersion "1"]
[SourceVersionDate "2024.09.30"]
[SourceQuality "1"]

1. e4 e5 2. Nf3 Nc6 3. Bb5 f5 4. Bxc6 dxc6 5. Nxe5 Qd4 6. Qh5+ g6 7. Nxg6 hxg6 8. Qxg6+ Kd8 9. d3 Be7 10. Nc3 Qf6 11. Qg3 Bd6 12. f4 Qh4 13. Qxh4+ Rxh4 14. g3 Rh3 15. 0-0 Be6 16. Kg2 Rh7 17. Be3 Nh6 18. e5 Be7 19. h3 Kd7 20. Rad1 Rg8 21. d4 Rhg7 22. Bf2 Bc4 23. Rfe1 b5 24. d5 b4 25. e6+ Kc8 26. Rd4 bxc3 27. Rxc4 cxd5 28. Rxc3 Bd6 29. Kf3 Re7 30. Bxa7 Rge8 31. Bc5 Rxe6 32. Rxe6 Rxe6 33. Bxd6 Rxd6 34. g4 fxg4+ 35. hxg4 Kd7 36. f5 Nf7 37. Kf4 d4 38. Rd3 c5 39. b3 Rd5 40. g5 Nd6 41. f6 Ke6 42. Rd1 Rf5+ 43. Kg4 Kf7 44. Rh1 Rf2 45. Rh7+ Ke6 46. Re7+ Kd5 47. Rd7 Rxc2 48. g6 Rg2+ 49. Kh5 Rh2+ 50. Kg5 d3 51. f7 Rf2 52. g7 d2 53. f8Q Rg2+ 54. Kh6 Rh2+ 55. Kg6 Rg2+ 56. Kh7 Rh2+ 57. Kg8 Rh6 58. Qf5+ Kd4 59. Qf4+ Kc3 60. Rxd6 1-0

[Event "Titled Tuesday intern op 02nd Jul Late"]
[Site "Chess.com INT"]
[Date "2024.07.02"]
[Round "1"]
[White "Hamitevici, Vladimir"]
[Black "Perez Rodriguez, Jennifer"]
[Result "1-0"]
[WhiteElo "2442"]
[BlackElo "2224"]
[PlyCount "67"]
[EventDate "2024.07.02"]
[EventType "swiss (blitz)"]
[EventRounds "11"]
[EventCountry "USA"]
[SourceTitle "EXT 2025"]
[Source "ChessBase"]
[SourceDate "2024.10.14"]
[SourceVersion "1"]
[SourceVersionDate "2024.10.14"]
[SourceQuality "1"]

1. Nc3 e5 2. d3 Nf6 3. g3 d5 4. Bg2 c6 5. e4 dxe4 6. Nxe4 Nxe4 7. Bxe4 f5 8. Bg2 Be6 9. Nf3 Nd7 10. Ng5 Bg8 11. 0-0 Be7 12. Re1 Bxg5 13. Qh5+ g6 14. Qxg5 Bf7 15. Qh6 Qe7 16. Bg5 Qf8 17. f4 Qxh6 18. Bxh6 Ke7 19. Bg7 Rhe8 20. Bxe5 Nxe5 21. Rxe5+ Kd6 22. Rae1 Re6 23. a3 Rae8 24. Rxe6+ Rxe6 25. Rxe6+ Bxe6 26. Kf2 a5 27. b4 axb4 28. axb4 Ba2 29. Ke3 b6 30. c4 b5 31. Kd4 bxc4 32. dxc4 Bb1 33. c5+ Kc7 34. Ke5 1-0

[Event "Titled Tuesday intern op 31st Oct Late"]
[Site "Chess.com INT"]
[Date "2023.10.31"]
[Round "1"]
[White "Perez Rodriguez, Jennifer"]
[Black "Kobo, Ori"]
[Result "0-1"]
[WhiteElo "2242"]
[BlackElo "2556"]
[PlyCount "124"]
[EventDate "2023.10.31"]
[EventType "swiss (blitz)"]
[EventRounds "11"]
[EventCountry "USA"]
[SourceTitle "EXT 2025"]
[Source "ChessBase"]
[SourceDate "2024.10.14"]
[SourceVersion "1"]
[SourceVersionDate "2024.10.14"]
[SourceQuality "1"]

1. e4 c5 2. c3 d5 3. exd5 Qxd5 4. d4 Nc6 5. Nf3 Nf6 6. Na3 Bg4 7. Be2 e6 8. Nb5 Qd7 9. dxc5 Bxc5 10. Qxd7+ Kxd7 11. Bf4 a6 12. Rd1+ Ke7 13. Nd6 Nd5 14. Nxb7 Bxf2+ 15. Kxf2 Nxf4 16. Nc5 Nxe2 17. Kxe2 Ne5 18. Kf2 Bxf3 19. gxf3 Rhc8 20. Nd3 Nc6 21. Rhe1 Rab8 22. b3 a5 23. c4 a4 24. Nc5 axb3 25. axb3 Ra8 26. Rd7+ Ke8 27. Rb7 Ra2+ 28. Kg3 Nd4 29. Ne4 Nf5+ 30. Kh3 Rd8 31. Ng3 Nd4 32. Re3 Rf2 33. Nh5 Kf8 34. Kg3 Rb2 35. Kh3 g6 36. Nf4 Nf5 37. Re2 Rb1 38. c5 g5 39. Nh5 Rd3 40. Rf2 Rbxb3 41. Rxb3 Rxb3 42. Rc2 Rb4 43. c6 Rh4+ 44. Kg2 Rxh5 45. c7 Ne7 46. c8Q+ Nxc8 47. Rxc8+ Kg7 48. Rc7 Rh4 49. Kg3 Rf4 50. Rc5 h6 51. Rc7 Kg6 52. Rd7 Rf5 53. Rb7 Rd5 54. Rb8 Kg7 55. Rb7 Rd3 56. Kg4 Kg6 57. Kg3 h5 58. Rb8 g4 59. Rg8+ Kh7 60. Rg5 Rxf3+ 61. Kg2 Kh6 62. Rg8 Rf5 0-1

[Event "Titled Tuesday intern op 03rd Oct Late"]
[Site "Chess.com INT"]
[Date "2023.10.03"]
[Round "3"]
[White "Grinev, Valeriy"]
[Black "Perez Rodriguez, Jennifer"]
[Result "1/2-1/2"]
[WhiteElo "2418"]
[BlackElo "2242"]
[PlyCount "162"]
[EventDate "2023.10.03"]
[EventType "swiss (blitz)"]
[EventRounds "11"]
[EventCountry "USA"]
[SourceTitle "EXT 2025"]
[Source "ChessBase"]
[SourceDate "2024.10.14"]
[SourceVersion "1"]
[SourceVersionDate "2024.10.14"]
[SourceQuality "1"]

1. d4 d5 2. c4 c6 3. cxd5 cxd5 4. Bf4 Nc6 5. e3 Qb6 6. Nc3 e6 7. a3 a6 8. Na4 Qd8 9. Rc1 Nf6 10. Bd3 Bd6 11. Bxd6 Qxd6 12. Nf3 0-0 13. 0-0 e5 14. dxe5 Nxe5 15. Nxe5 Qxe5 16. Be2 Bd7 17. Nb6 Rad8 18. Nxd7 Rxd7 19. Qd4 Qxd4 20. exd4 Ne4 21. f3 Nd6 22. Rc5 Nf5 23. Rd1 Re8 24. Kf2 Kf8 25. Rd2 h5 26. Bd1 Ne7 27. Ba4 b5 28. Bb3 Red8 29. Ba2 g6 30. b4 Kg7 31. Bb3 Rd6 32. a4 bxa4 33. Bxa4 Rb8 34. b5 axb5 35. Bxb5 Rdb6 36. Bf1 Rb2 37. Rxb2 Rxb2+ 38. Kg1 Nf5 39. Bd3 Nxd4 40. Rxd5 Ne6 41. g3 Rd2 42. h4 Nc5 43. Rxc5 Rxd3 44. Kf2 Rd2+ 45. Ke3 Ra2 46. Rc6 Ra3+ 47. Kf2 Ra2+ 48. Kg1 Ra1+ 49. Kg2 Ra2+ 50. Kh3 Ra3 51. f4 Rb3 52. Rc5 Ra3 53. f5 Rb3 54. fxg6 fxg6 55. Rc6 Ra3 56. Kg2 Ra2+ 57. Kf3 Ra3+ 58. Kf4 Ra4+ 59. Ke5 Ra5+ 60. Kd4 Ra4+ 61. Ke5 Ra5+ 62. Kf4 Ra4+ 63. Kf3 Ra3+ 64. Kg2 Ra2+ 65. Kh3 Ra3 66. Rb6 Rc3 67. Rb5 Ra3 68. Rg5 Kf6 69. Kg2 Ra2+ 70. Kf3 Ra3+ 71. Ke4 Ra4+ 72. Kd3 Ra3+ 73. Kc4 Rf3 74. Kd4 Rf5 75. Rxf5+ Kxf5 76. Ke3 Kg4 77. Kf2 Kh3 78. Kf3 Kh2 79. Kf2 Kh3 80. Kf3 Kh2 81. Kf2 Kh3 1/2-1/2

[Event "Titled Tuesday intern op 03rd Oct Late"]
[Site "Chess.com INT"]
[Date "2023.10.03"]
[Round "2"]
[White "Perez Rodriguez, Jennifer"]
[Black "Benyahia, Safine"]
[Result "1-0"]
[WhiteElo "2242"]
[BlackElo "1698"]
[PlyCount "67"]
[EventDate "2023.10.03"]
[EventType "swiss (blitz)"]
[EventRounds "11"]
[EventCountry "USA"]
[SourceTitle "EXT 2025"]
[Source "ChessBase"]
[SourceDate "2024.10.14"]
[SourceVersion "1"]
[SourceVersionDate "2024.10.14"]
[SourceQuality "1"]

1. e4 c5 2. c3 d5 3. exd5 Qxd5 4. d4 cxd4 5. cxd4 e6 6. Nf3 Nf6 7. Nc3 Bb4 8. Bd3 0-0 9. 0-0 Qd8 10. Bg5 Be7 11. Bc2 b6 12. Re1 Bb7 13. Qd3 g6 14. Rad1 Nd5 15. Qd2 Bxg5 16. Nxg5 Nd7 17. h4 N7f6 18. a3 a6 19. Nce4 Rc8 20. Bd3 a5 21. Bb1 Qd7 22. Nf3 Nxe4 23. Bxe4 Nf6 24. Bxb7 Qxb7 25. Qf4 Nd5 26. Qh6 f6 27. Rxe6 Qg7 28. Qd2 Rc7 29. Rde1 Rfc8 30. Re8+ Rxe8 31. Rxe8+ Kf7 32. Re1 f5 33. Qe2 Re7 34. Qc4 1-0